Statistics for Countries with 'j' s

Click here to take the quiz!

General Stats

  • This quiz has been taken 49 times
  • The average score is 5 of 7

Answer Stats

Answer% Correct
Japan
91%
Jamaica
89%
Jordan
85%
Azerbaijan
78%
Djibouti
72%
Fiji
67%
Tajikistan
61%

Score Distribution

Percentile by Number Answered

Percent of People with Each Score

Your Score History

You have not taken this quiz